الشباب والإصلاح والتحديث /

يمثل هذا الكتاب محصلة لأعمال الندوة المصرية الفرنسية الثالثة التى انعقدت بالقاهرة فى الفترة من 29 سبتمبر الى اول اكتوبر 1990 فى موضوع التحولات الديمقراطية فى الوطن العربى....

全面介绍

Saved in:
书目详细资料
主要作者: سراج الدين، إسماعيل
其他作者: رضوان، سمي، (محرر.), يوسف، محسن، (محرر.)
格式: 图书
语言:阿拉伯语
出版: الإسكندرية : مكتبة الإسكندرية، 2006.
主题:
标签: 添加标签
没有标签, 成为第一个标记此记录!

MARC

LEADER 00000nam a22000007a 4500
003 INP
005 20201006131425.0
008 171231s2006 ua ||||fr|||| 00| 0 ara d
952 |0 0  |1 0  |4 0  |6 301_435000000000000_س_ش  |7 0  |8 arabic_Boo  |9 20672  |a INP  |b INP  |c MAIN  |d 2020-09-07  |l 0  |o 301.435 س ش  |p 021567  |r 2020-09-07 00:00:00  |w 2020-09-07  |y BK 
999 |c 16727  |d 16727 
017 |a 2006/4354 
020 |a 9776163351 
040 |a EG-INP  |b ara  |c EG-INP 
082 0 4 |2 21  |a 301.435  |b س ش  
100 1 |a سراج الدين، إسماعيل  
245 1 2 |a  الشباب والإصلاح والتحديث /   |c تقديم إسماعيل سراج الدين ؛ إعداد وتحرير سمير رضوان، محسن يوسف 
260 |a الإسكندرية :   |b مكتبة الإسكندرية،   |c 2006. 
300 |a 177 ص. ؛   |c 24 سم. 
520 |a يمثل هذا الكتاب محصلة لأعمال الندوة المصرية الفرنسية الثالثة التى انعقدت بالقاهرة فى الفترة من 29 سبتمبر الى اول اكتوبر 1990 فى موضوع التحولات الديمقراطية فى الوطن العربى. 
650 7 |2 qramk  |a الاصلاح السياسى 
650 7 |2 qramk  |a الشباب 
650 7 |2 qramk  |a الاحوال الاجتماعية 
700 1 |a  رضوان، سمي،   |e محرر. 
700 1 |a يوسف، محسن،   |e محرر. 
901 |a EGPV2 
903 |a original 
942 |2 ddc  |c BK